Εθνική Τράπεζα της Ελλάδος / Απολογισμός 1999 (Record no. 5195)
[ view plain ]
| 000 -LEADER | |
|---|---|
| fixed length control field | 01401cam a22001814a 4500 |
| 005 - ΗΜΕΡΟΜΗΝΙΑ ΚΑΙ ΩΡΑ ΤΕΛΕΥΤΑΙΑΣ ΕΝΗΜΕΡΩΣΗΣ | |
| Πεδίο ελέγχου | 20250605163454.0 |
| 008 - FIXED-LENGTH DATA ELEMENTS--GENERAL INFORMATION | |
| Πεδίο ελέγχου σταθερού μήκους | 250528s ||||||||||||||||||||||||d |
| 035 ## - SYSTEM CONTROL NUMBER | |
| System control number | 19959 |
| 040 ## - ΠΗΓΗ ΚΑΤΑΛΟΓΟΓΡΑΦΗΣΗΣ | |
| Φορέας πρωτότυπης καταλογογράφησης | MC Athens Campus Library |
| Γλώσσα καταλογογράφησης | Ελληνικά, Μοντέρνα (1453-) |
| Modifying agency | MC Athens Campus Library |
| Κανόνες περιγραφικής καταλογογράφησης | AACR2 |
| 245 1# - ΤΙΤΛΟΣ ΚΑΙ ΔΗΛΩΣΗ ΥΠΕΥΘΥΝΟΤΗΤΑΣ | |
| Τίτλος | Εθνική Τράπεζα της Ελλάδος / Απολογισμός 1999 |
| 250 ## - EDITION STATEMENT | |
| Edition statement | 1999 |
| 260 ## - PUBLICATION, DISTRIBUTION, ETC. | |
| Name of publisher, distributor, etc. | Εθνική Τράπεζα Της Ελλάδος |
| 300 ## - PHYSICAL DESCRIPTION | |
| Extent | 128 |
| 520 ## - SUMMARY, ETC. | |
| Summary, etc. | Χρηματοοικονομικό περιβάλλον, Στρατηγική της Εθνικής Τράπεζας της Ελλάδος και του Ομίλου της, Αύξηση των Εσόδων, Βελτίωση της Αποτελεσματικότητας, Αξιοποίηση των Ευκαιριών Ανάπτυξης, Αναβάθμιση της Ποιότητας των Στοιχείων του Ενεργητικού, Προοπτικές, Χρηματοοικονομική ανάλυση της Εθνικής Τράπεζας της Ελλάδος και του Ομίλου της, Ανάλυση Χρηματοοικονομικών Καταστάσεων της ΕΤΕ για την Οικονομική Χρήση 1999, Παρουσίαση Χρηματοοικονομικών Εταιρειών του Ομίλου, Χρηματοοικονομικές Καταστάσεις. |
| 942 ## - ADDED ENTRY ELEMENTS (KOHA) | |
| Koha item type | Books |
| Τύπος τεκμηρίου | Βιβλιοθήκη | Τρέχουσα τοποθεσία | Barcode | Αριθμός εισαγωγής | Ημερομηνία απόκτησης | Ταξιθετικό σύμβολο | Αριθμός αντιτύπου | Κατάσταση απόσυρσης | Κατάσταση χαμένου | Κατάσταση κατεστραμμένου | Μη δανεισμός | Σύνολο δανεισμών | Ημερομηνία τελευταίας εμφάνισης | Η τιμή ισχύει από |
|---|---|---|---|---|---|---|---|---|---|---|---|---|---|---|
| Books | MC Athens Campus Library | MC Athens Campus Library | 9780000051943 | 6168 | 05/06/2025 | 332.109 GRE | 1 | 05/06/2025 | 05/06/2025 |